000 00878nam a2200205 a 4500
001 000875188
003 AM-YeHGA
005 20250617145236.0
008 120316s1973 ru r 000 0 rus d
040 _aAM-YeHGA
041 0 _arus
245 0 0 _aЦитогенетические и цитоэмбриологические методы в селекции плодовых и ягодных культур /
_cРед. кол. В.А. Колесников и др.; ВАСХНИЛ.
260 _aМосква :
_bКолос,
_c1973.
300 _a184 с. :
_bрис., табл. ;
_c20 см.
650 1 4 _aПлодоводство
650 1 4 _aЯгодоводство
700 1 _aКолесников, В.А.
_eред.
_4edt
710 2 _aВсесоюзная академия сельcкохозяйственных наук им. В.И. Ленина
090 _c310297
999 _c308586
_d308586